000 00521nam a2200133Ia 4500
005 20260209120148.0
008 260209s9999||||xx |||||||||||||| ||und||
100 _aSaumya Singh
245 0 _aIndian legal system in covid-19 : neither saved lives nor protected livelihood!
260 _aBangaloreBangalore
_bNLSIU, Bangalore
_c2023
300 _a40 p. ; 25 cm.
700 _aProf. Dr. Arun K Thiruvengadam - SupervisorProf. Dr. Arun K Thiruvengadam - Supervisor
856 _uhttps://dans.nls.ac.in/handle/123456789/1219
999 _c217613
_d217613